Chinese.- (Record no. 288062)
[ view plain ]
| 000 -LEADER | |
|---|---|
| fixed length control field | 00493nam a2200145Ia 4500 |
| 008 - FIXED-LENGTH DATA ELEMENTS--GENERAL INFORMATION | |
| fixed length control field | 150610s9999 xx 000 0 und d |
| 020 ## - INTERNATIONAL STANDARD BOOK NUMBER | |
| International Standard Book Number | 9789812615305 |
| 050 ## - LIBRARY OF CONGRESS CALL NUMBER | |
| Classification number | TX724.5 |
| Item number | .C5 2008 |
| 245 ## - TITLE STATEMENT | |
| Title | Chinese.- |
| Statement of responsibility, etc | . |
| 260 ## - PUBLICATION, DISTRIBUTION, ETC. (IMPRINT) | |
| Place of publication, distribution, etc | Singapore : |
| Name of publisher, distributor, etc | Marshall Cavendish Cuisine, |
| Date of publication, distribution, etc | 2008. |
| 300 ## - PHYSICAL DESCRIPTION | |
| Extent | 78pages : |
| Other physical details | col. ; |
| Dimensions | 17 cm. |
| 440 ## - SERIES STATEMENT/ADDED ENTRY--TITLE | |
| Title | (Mini cookbooks) |
| 504 ## - BIBLIOGRAPHY, ETC. NOTE | |
| Bibliography, etc | "This book contains previously material from Feast of flavours from the Asian kitchen" -T.p. verso. |
| 520 ## - SUMMARY, ETC. | |
| Summary, etc | Cookery, Chinese. |
| Withdrawn status | Lost status | Damaged status | Home library | Current library | Shelving location | Date acquired | Total Checkouts | Full call number | Barcode | Date last seen | Price effective from | Koha item type |
|---|---|---|---|---|---|---|---|---|---|---|---|---|
| Stonyhurst Southville International School (Batangas) | Stonyhurst Southville International School (Batangas) | High School Section | 06/10/2015 | TX724.5 .C5 2008 | US-2058 | 06/10/2015 | 06/10/2015 | Books |